MLB 2026 RBI Leaders at the start of May - Statistics

General Stats
  • This quiz has been taken 63 times
  • The average score is 13 of 15
Answer Stats
Rank # of RBI Team Position Answer % Correct
1. 30 Braves 1B Matt Olson
100%
11. 26 Yankees 1B Ben Rice
94%
5. 27 Astros LF/DH Yordan Alvarez
94%
5. 27 Nationals SS CJ Abrams
90%
11. 26 White Sox 1B/3B Munetaka Murakami
90%
5. 27 Pirates CF Oneil Cruz
90%
11. 26 Dodgers CF Andy Pages
88%
2. 29 Braves C Drake Baldwin
88%
11. 26 Astros 1B Christian Walker
86%
5. 27 Cardinals RF Jordan Walker
86%
11. 26 Cubs 2B Nico Hoerner
86%
5. 27 Rays 1B Jonathan Aranda
76%
2. 29 Reds 1B Sal Stewart
76%
2. 29 Marlins C Liam Hicks
60%
5. 27 Cardinals 1B Alec Burleson
52%
No matching quizzes found
Score Distribution
Percent of People with Each Score
Percentile by Number Answered
Your Score History
You have not taken this quiz